000 00887nam a22002417a 4500
999 _c144313
_d144313
005 20181003124712.0
010 _a1718EN-30 ENG-121385
020 _a9789332573819
_c549.00
035 _aEN-105367
035 _aB-684200-201
037 _bBSB
_adpl
037 _bDBAFD/PUB
082 _a150.287
100 _aGregory, Robert J.
245 _aPsychological testing /
_cby Robert J. Gregory
250 _a7th ed
260 _c2017
_aNoida
_bPearson India
270 _a15th Floor,, Tower-B, World Trade, Plot No.1, Block-C, Sector-16,
_bNoida
_e201301
300 _c23cm(pbk)
_axxi,602p. :
_bill.
500 _aIncludes bibliographical references and index
942 _cEN
_2ddc
_mGRE
_h150.287